Klub Tatrancov siedmykrát udelil cenu

Bibliographic Details
Format: Article
Language:Slovak
PhysicalDescription:Fotogr.
Subjects:

MARC

LEADER 00000nab a2200000 a 4500
001 vtls010332044
003 SK-MaSNL
005 20260303204113.0
008 111222 2011 xo e 000 0 slo
038 |a PPPK 
040 |a PPPKCL  |b slo  |c PPPK  |e AACR2 
041 0 |a slo 
044 |a xo  |c SK 
080 |a 352:06.068  |2 2001 
080 |a 929-027.541  |x (437.6-17)  |2 2001 
080 |a 929 Lukáč, Jozef  |2 2001 
245 0 0 |a Klub Tatrancov siedmykrát udelil cenu  |c [text a foto] (luci) 
300 |b Fotogr. 
600 1 7 |a Lukáč, Jozef  |2 pppkcl  |9 533266 
610 2 7 |a Klub Tatrancov (Starý Smokovec, Slovensko)  |2 snkbucl  |9 1069541 
610 2 7 |a Hotel Bellevue (Horný Smokovec, Slovensko)  |2 pppkcl  |9 638835 
650 0 7 |a Cena MUDr. Mikuláša Szontagha  |y 2011  |2 pppkcl  |9 1237446 
650 0 7 |a osobnosti  |2 pppkcl  |9 29820 
651 7 |a Vysoké Tatry (Poľsko a Slovensko : pohorie)  |2 pppkcl  |9 67729 
773 0 |t Tatranský dvojtýždenník  |g Roč. XXII, č. 22 (2011), s. 9 
852 |a PPPK  |b KIS3GCP 
999 |c 2188482  |d 2190412